Mineral biotechnology: microbial aspects of mineral beneficiation, metal extraction, and environmental control

Saved in:
Bibliografiske detaljer
Main Authors: Kawatra, S. Komar (Author), Natarajan, K. A (Author)
Format: Bog
Sprog:engelsk
Udgivet: Littleton Society of Mining, Metallurgy, and Exploration 2001
Fag:
Tags: Tilføj Tag
Ingen Tags, Vær først til at tagge denne postø!

MARC

LEADER 00000nam a2200000 a 4500
001 UCL3831
003 CL-VaPUC
008 031212e20010000US |||||||||||||||||eng|d
020 |a 0873352017 
082 0 4 |a 622.7  |b KAW  |2 21 
100 |a Kawatra, S. Komar  |e author  |9 519017 
700 0 |a Natarajan, K. A  |e author  |9 481255 
245 1 0 |a Mineral biotechnology: microbial aspects of mineral beneficiation, metal extraction, and environmental control 
300 |a 263 p 
942 |c BK 
945 |d 20031212 00:00:00  |a cmena 
260 |a Littleton  |b Society of Mining, Metallurgy, and Exploration  |c 2001 
650 0 |a Biotecnología   |9 259561 
650 0 |a Minería  |9 326008 
650 0 |a Hidrometalurgia  |9 352265 
650 0 |a Minerales   |9 264051 
583 |a last modification  |c 20031212 00:00:00  |k Rodrigo Vera 
999 |c 306833  |d 306831 
952 |0 0  |1 0  |4 0  |6 622_700000000000000_KAW_2001  |7 0  |8 A  |9 372210  |a BIBING  |b BIBING  |d 2019-11-21  |i 3975134  |o 622.7 KAW 2001  |p 3975134  |r 2025-01-20  |w 2019-11-21  |y BK  |k EIB